| 000 | 00732cam a22002171 4500 | ||
|---|---|---|---|
| 001 | med48001603 | ||
| 003 | DLC | ||
| 005 | 20260227111611.0 | ||
| 008 | 810815s1948 xx ac 000 0 eng | ||
| 010 | _amed48001603 | ||
| 035 | _a(OCoLC)14645460 | ||
| 040 |
_aDLC _cDNLM _dOCoLC _dDLC |
||
| 042 | _apremarc | ||
| 050 | 0 | 0 |
_aRC81 _b.S33 1948 |
| 060 | 0 |
_aWB 120 _bS368L 1948 |
|
| 100 | 1 |
_aScholl, B. Frank _q(Benjamin Franklin), _d1860-1933. |
|
| 245 | 1 | 0 |
_aLibrary of health, _bcomplete guide to prevention and cure of disease; containing practical information on anatomy, physiology and preventive medicine ... |
| 250 | _aRev. 1948 ed. | ||
| 260 |
_aPhiladelphia, _bHistorical Pub. Co. _c[1948] |
||
| 300 |
_a1775 p. _bill., ports. |
||
| 999 |
_c39055 _d39055 |
||